00500nam a2200193Ia 4500008004100000020001400041050001400055100002900069245002400098245005800122260001500180260001600195260000900211300001400220300002700234300001000261440002700271500000800298170918s9999 xx 000 0 und d a59044185x bL672 1992 aLewinson, Wendy Cheyette aBuzz said the bee / cWendy Cheyette Lewison ; illustrated by Hans Wilhelm. aNew York : bScholastic, c1992 aunpaged : bcolored illustration ; c23cm. aHello reader! Level 1. a410